|
|
|
|
| LEADER |
00703nam a22002052a 4500 |
| 001 |
000448195 |
| 003 |
CZ BrMZK |
| 005 |
20140903135903.0 |
| 007 |
ta |
| 008 |
990305s1957 xo f 000 0 slo d |
| 040 |
|
|
|a ABA001
|b cze
|c ABA001
|d ABA001
|d BOA001
|
| 100 |
1 |
|
|a Moric, Rudo,
|d 1921-1985
|7 jo20000074109
|4 aut
|
| 245 |
1 |
0 |
|a Prípad "Tubercilín" :
|b román z blízkej budúcnosti /
|c Rudo Moric, Imrich Vaňo
|
| 250 |
|
|
|a 1. vyd.
|
| 260 |
|
|
|a Bratislava :
|b Mladé letá,
|c 1957
|
| 300 |
|
|
|a 206 s., barev. obr. příl.
|
| 700 |
1 |
|
|a Vaňo, Imrich
|7 xx0065963
|4 aut
|
| 910 |
|
|
|a BOA001
|b 2-0392.864
|
| 990 |
|
|
|a BK
|
| 996 |
7 |
|
|b 2619776401
|c 2-0392.864
|l MZK
|r Sklad / do 24 hodin
|n 2
|w 000448195
|u 000010
|a 1
|e BOA001
|j MZK50
|s A
|